000 00926aab a2200193 i 4500
001 768714001
003 CO-MdFUSB
005 20240422110310.0
008 240410t1984 ag ||||| |||| 00| 0 spa d
040 _bspa
_cCO-MdFUSB
041 _aspa
100 1 _aMcIntosh B., Estuardo
_eautor
245 3 _aEl otro cristianismo andino
_c/ Estuardo McIntosh B.
300 _aVolumen 3, número 3 (septiembre, 1984), páginas: 102 - 106
_c; 27 cm
520 _aLa intención del presente artículo es ofrecer una interpretación de la religión quechua, haciendo énfasis en ambas palabras: religión quechua. Se espera que ayude a los lectores a apreciar y valorar la tarea de anunciar el evangelio en el mundo quechua, tarea a la cual somos llamados.
650 7 _aReligión y cultura
_9388
773 0 _tIglesia y Misión
_049402
_959687
_gVolumen 3, número 3 (septiembre, 1984), páginas: 102 - 106
_qpágina: 102
942 _cANA
999 _c51486
_d51486